Daňová strata - čo s ňou?
Základným ustanovením, ktoré zakladá existenciu daňovej straty je par. 23 ods. 1 zákona č. 366/1999 Z.z. o daniach z príjmov v znení neskorších predpisov. Definícia daňovej straty. Účtovná strata. Daňová strata. Dôsledky existencie daňovej straty. Umorovanie daňovej straty. Osobitosti vyčísľovania z...
Guardado en:
| Autor principal: | |
|---|---|
| Formato: | Capítulo de libro |
| Lenguaje: | eslovaco |
| Materias: | |
| Etiquetas: |
Sin Etiquetas, Sea el primero en etiquetar este registro!
|
MARC
| LEADER | 00000naa a2200000 4500 | ||
|---|---|---|---|
| 001 | r041925 | ||
| 005 | 20230926083939.5 | ||
| 041 | 0 | |a slo | |
| 044 | |a SK | ||
| 245 | 1 | 0 | |a Daňová strata - čo s ňou? |c Eduard Oláh |
| 520 | |a Základným ustanovením, ktoré zakladá existenciu daňovej straty je par. 23 ods. 1 zákona č. 366/1999 Z.z. o daniach z príjmov v znení neskorších predpisov. Definícia daňovej straty. Účtovná strata. Daňová strata. Dôsledky existencie daňovej straty. Umorovanie daňovej straty. Osobitosti vyčísľovania základu dane pri daňovej strate. Strata v daňovom priznaní. Strata komanditnej spoločnosti. Strata v.o.s. Strata fyzickej osoby. Strata a preddavky na daň. Praktické príklady. | ||
| 610 | 2 | 0 | |a strata |
| 610 | 2 | 0 | |a strata daňová |
| 610 | 2 | 0 | |a výsledok hospodársky |
| 610 | 2 | 0 | |a účtovanie |
| 610 | 2 | 0 | |a výdavky |
| 610 | 2 | 0 | |a dane |
| 610 | 2 | 0 | |a povinnosť daňová |
| 610 | 2 | 0 | |a daňovníci |
| 610 | 2 | 0 | |a základ dane |
| 610 | 2 | 0 | |a odpočet dane |
| 100 | 1 | |a Oláh, Eduard | |